[Event "POL-chT3 Dolnoslaskie 1718"]
[Site "Poland"]
[Date "2018.03.25"]
[Round "10.23"]
[White "Pietraszko, Jakub"]
[Black "Zydorczak, Marek"]
[Result "1-0"]
[WhiteElo "1739"]
[BlackElo "1532"]
[PlyCount "47"]
[EventDate "2017.10.08"]
[EventType "team-tourn"]
[EventRounds "11"]
[EventCountry "POL"]
[SourceTitle "EXT 2019"]
[Source "ChessBase"]
[SourceDate "2018.10.10"]
[SourceVersion "1"]
[SourceVersionDate "2018.10.10"]
[SourceQuality "1"]

1. d4 d5 2. Nc3 e6 3. e4 dxe4 4. Nxe4 Nf6 5. Nxf6+ Qxf6 6. Nf3 h6 7. Bc4 Bd6 8. Qe2 0-0 9. Bd2 Nd7 10. Bc3 Re8 11. Ne5 Nb6 12. Bb5 Re7 13. Bd2 a6 14. Bd3 Nd5 15. Qe4 Re8 16. c3 Bxe5 17. dxe5 Qf5 18. Qe2 Nf4 19. Bxf5 Nxe2 20. Bc2 Nxc3 21. Bxc3 b5 22. Be4 Rb8 23. Ba5 c5 24. Bc7 1-0